000 00575nam a2200217Ia 4500
003 OSt
005 20221007073019.0
006 a|||||r|||| 00| 0
007 ta
008 221006b |||||||| |||| 00| 0 eng d
024 _a26,589
037 _cTextual
040 _aFLL
_cFLL
_beng
041 _2eng
_aeng
082 _aZ73:2674z7, K4
245 0 _aCopyright and related topics
260 _aLondon
_bUniversity of California Press London
_c1964
300 _axvi,1-609p
_ccm.
942 _hZ73:2674z7, K4
_cTEXL
_2CC
999 _c1147487
_d1147487